000 00531nam a22001697a 4500
003 BD-ChCU
005 20260302095320.0
008 260302b bg ||||| |||| 00| 0 ben d
040 _cBD-ChCU
082 _a511.43 TAE
100 _aTaylor, John R.
_920689
245 _aAn introduction to error analysis :
_bthe study of uncertainties in physical measurements.//
_cTaylor, John R.
260 _aCalifornia.
_bUniversity Science Books.
_c1980
300 _aix, 272p
650 0 _aError - Mathematics.
_920690
942 _2ddc
_cBK
_n0
999 _c111795
_d111795